Ciccarrese M.P. (Ed.), Animali simbolici. Alle origini del bestiario cristiano II (leone — zanzara), coll. Bibl. patristica, Bologna, EDB, 2007, 21x13, 510 p., 37,70 €. ISBN 978-88-10-42054-6 (notice n° 1622501)

détails MARC
000 -LEADER
fixed length control field 02005cam a2200169 4500500
005 - DATE AND TIME OF LATEST TRANSACTION
control field 20260111091956.0
041 ## - LANGUAGE CODE
Language code of text/sound track or separate title fre
042 ## - AUTHENTICATION CODE
Authentication code dc
100 10 - MAIN ENTRY--PERSONAL NAME
Personal name Daudin, Claire
Relator term author
245 00 - TITLE STATEMENT
Title Ciccarrese M.P. (Ed.), Animali simbolici. Alle origini del bestiario cristiano II (leone — zanzara), coll. Bibl. patristica, Bologna, EDB, 2007, 21x13, 510 p., 37,70 €. ISBN 978-88-10-42054-6
260 ## - PUBLICATION, DISTRIBUTION, ETC.
Date of publication, distribution, etc. 2010.<br/>
500 ## - GENERAL NOTE
General note 92
520 ## - SUMMARY, ETC.
Summary, etc. Les personnages d’enfants, dans les romans de Bernanos, sont les victimes d’adultes prédateurs qui les violentent, les acculent au suicide ou les assassinent. En l’absence de figure paternelle protectrice et bienveillante, seul le narrateur assume à leur égard une attitude de respect qui les rétablit dans leur dignité. La grave défaillance des pères, qui culmine dans les personnages de pédophiles, exprime sur le mode romanesque un désamour de l’humanité pour elle-même qui confine à l’autodestruction. L’humiliation des enfants est la marque ultime d’un refus du salut que le romancier, sondant les ténèbres, s’acharne à proclamer.
520 ## - SUMMARY, ETC.
Summary, etc. The child characters, in the novels of Bernanos, are the victims of predatory adults who assault them sexually, who drive them to suicide or who kill them. In the absence of a protective and benevolent father figure, only the narrator assumes towards them an attitude of respect which restores them to their dignity. The serious deficiency of fathers which reaches its lowest point in the characters of paedophiles, expresses in fictional mode, an antipathy towards humanity in itself which borders on self-destruction. The humiliation of children is the ultimate sign of a refusal of salvation which the novelist, plumbing the depths, is determined to proclaim.
786 0# - DATA SOURCE ENTRY
Note Nouvelle revue théologique | 132 | 3 | 2010-07-01 | p. 464d-467d | 0029-4845
856 41 - ELECTRONIC LOCATION AND ACCESS
Uniform Resource Identifier <a href="https://shs.cairn.info/revue-nouvelle-revue-theologique-2010-3-page-464d?lang=fr&redirect-ssocas=7080">https://shs.cairn.info/revue-nouvelle-revue-theologique-2010-3-page-464d?lang=fr&redirect-ssocas=7080</a>

Pas d'exemplaire disponible.

PLUDOC

PLUDOC est la plateforme unique et centralisée de gestion des bibliothèques physiques et numériques de Guinée administré par le CEDUST. Elle est la plus grande base de données de ressources documentaires pour les Étudiants, Enseignants chercheurs et Chercheurs de Guinée.

Adresse

627 919 101/664 919 101

25 boulevard du commerce
Kaloum, Conakry, Guinée

Réseaux sociaux

Powered by Netsen Group @ 2025